Jednoduchost, rychlost a dostupnost vítězí

Splátkový predaj a kreditné karty v Českej republike v roku 2006. Využívanie úverových produktov v Českej republike. Predaj na splátky a s tým spojené kreditné a úverové karty. Vývoj v roku 2006. Trendy splátkového predaja. Financované komodity. Kreditné karty. Rýchlosť, jednoduchosť a dostupnosť pr...

Descrizione completa

Salvato in:
Dettagli Bibliografici
Autore principale: Coode, Charlie
Natura: Capitolo di libro
Lingua:ceco
Soggetti:
Tags: Aggiungi Tag
Nessun Tag, puoi essere il primo ad aggiungerne!!

MARC

LEADER 00000naa$a2200000$$$4500
001 0057957
005 20231010094258.9
041 0 |a cze 
044 |a CZ 
245 1 0 |a Jednoduchost, rychlost a dostupnost vítězí  |c Charlie Coode 
520 |a Splátkový predaj a kreditné karty v Českej republike v roku 2006. Využívanie úverových produktov v Českej republike. Predaj na splátky a s tým spojené kreditné a úverové karty. Vývoj v roku 2006. Trendy splátkového predaja. Financované komodity. Kreditné karty. Rýchlosť, jednoduchosť a dostupnosť predaja na splátky. 
610 2 0 |a Česko 
610 2 0 |a predaj 
610 2 0 |a splátky 
610 2 0 |a komodity 
610 2 0 |a nákup 
610 2 0 |a úverovanie 
100 1 |a Coode, Charlie